[Event "Pennant-chT"]
[Site "Adelaide"]
[Date "2016.09.27"]
[Round "1"]
[White "Sykes, Alexander K"]
[Black "Cloudsdale, Colin"]
[Result "1-0"]
[WhiteElo "2003"]
[BlackElo "1940"]
[PlyCount "47"]
[EventDate "2016.09.27"]
[EventType "team-tourn"]
[EventRounds "9"]
[EventCountry "AUS"]
[SourceTitle "EXT 2023"]
[Source "ChessBase"]
[SourceDate "2022.10.05"]
[SourceVersion "1"]
[SourceVersionDate "2022.10.05"]
[SourceQuality "1"]

1. d4 Nf6 2. c4 e6 3. Nc3 Bb4 4. f3 d5 5. e3 0-0 6. a3 Bxc3+ 7. bxc3 Nbd7 8. Bd3 e5 9. cxd5 Re8 10. c4 exd4 11. e4 c5 12. Ne2 Ne5 13. 0-0 Bd7 14. a4 Qa5 15. Bd2 Qa6 16. Qc2 b6 17. Rfb1 Nxd3 18. Qxd3 Rab8 19. Bg5 Qa5 20. Ng3 Kf8 21. Bf4 Rb7 22. e5 Ng8 23. Qxh7 Qc3 24. Nh5 1-0

[Event "Melbourne Cup Weekend"]
[Site "Melbourne"]
[Date "2013.11.04"]
[Round "6"]
[White "Cloudsdale, Colin"]
[Black "Bekker, Gary"]
[Result "1/2-1/2"]
[WhiteElo "1991"]
[BlackElo "1857"]
[PlyCount "107"]
[EventDate "2013.11.01"]
[EventType "swiss"]
[EventRounds "9"]
[EventCountry "AUS"]
[SourceTitle "EXT 2014"]
[Source "ChessBase"]
[SourceDate "2013.11.20"]
[SourceVersion "1"]
[SourceVersionDate "2013.11.20"]
[SourceQuality "1"]

1. e4 e5 2. Nf3 Nc6 3. Bb5 a6 4. Ba4 Nf6 5. 0-0 Be7 6. Re1 b5 7. Bb3 d6 8. c3 0-0 9. d4 Bg4 10. d5 Na5 11. Bc2 c6 12. dxc6 Qc7 13. h3 Bc8 14. Nbd2 Qxc6 15. Nf1 Bb7 16. Ne3 g6 17. Nf1 Rfe8 18. Qe2 Rac8 19. Ng3 Nc4 20. a4 d5 21. axb5 axb5 22. Bg5 dxe4 23. Nxe4 Nxe4 24. Bxe4 Qxe4 25. Qxe4 Bxe4 26. Rxe4 Bxg5 27. Nxg5 f6 28. Nf3 Nxb2 29. Rb4 Na4 30. Rxb5 Nxc3 31. Rb7 Rb8 32. Raa7 Rxb7 33. Rxb7 Nd5 34. Rd7 Ne7 35. Nd2 Kf7 36. Ne4 Ke6 37. Rd6+ Kf5 38. f3 Ng8 39. g4+ Kf4 40. Kf2 f5 41. Nc5 e4 42. gxf5 gxf5 43. fxe4 fxe4 44. Rd4 Nf6 45. Nd3+ Kf5 46. Ne1 Re7 47. Ng2 Rd7 48. Ra4 Rd2+ 49. Kf1 Ke5 50. Ra5+ Rd5 51. Ra4 Rd3 52. Ra5+ Nd5 53. Kf2 Rxh3 54. Rxd5+ 1/2-1/2

[Event "Begonia op 47th"]
[Site "Ballarat"]
[Date "2013.03.10"]
[Round "4"]
[White "Dobos, Daniel1111"]
[Black "Cloudsdale, Colin"]
[Result "0-1"]
[WhiteElo "1809"]
[BlackElo "1990"]
[PlyCount "68"]
[EventDate "2013.03.09"]
[EventType "swiss"]
[EventRounds "7"]
[EventCountry "AUS"]
[SourceTitle "EXT 2023"]
[Source "ChessBase"]
[SourceDate "2022.10.05"]
[SourceVersion "1"]
[SourceVersionDate "2022.10.05"]
[SourceQuality "1"]

1. e4 c5 2. Nf3 d6 3. d4 cxd4 4. Nxd4 Nf6 5. Nc3 a6 6. f3 b5 7. Be3 Bb7 8. Qd2 Nbd7 9. g4 Ne5 10. a3 Rc8 11. 0-0-0 Nfd7 12. Kb1 Nb6 13. g5 Nbc4 14. Bxc4 Nxc4 15. Qd3 Nxe3 16. Qxe3 g6 17. e5 Rxc3 18. Qxc3 Bg7 19. e6 f5 20. gxf6 Bxf6 21. Qe3 Qb6 22. c3 a5 23. Rhf1 0-0 24. h4 b4 25. axb4 axb4 26. cxb4 Ba6 27. b5 Bxb5 28. Rg1 Rb8 29. Rd2 Bc4 30. h5 Qa7 31. Qc3 Qa2+ 32. Kc2 Rb3 33. Qxc4 Rxb2+ 34. Kc3 Qa3+ 0-1

[Event "South Australia-ch"]
[Site "Adelaide"]
[Date "2011.04.05"]
[Round "8"]
[White "Sheldrick, Kevin"]
[Black "Cloudsdale, Colin"]
[Result "1-0"]
[WhiteElo "2181"]
[BlackElo "2036"]
[PlyCount "55"]
[EventDate "2011.02.15"]
[EventType "swiss"]
[EventRounds "9"]
[EventCountry "AUS"]
[SourceTitle "EXT 2023"]
[Source "ChessBase"]
[SourceDate "2022.10.05"]
[SourceVersion "1"]
[SourceVersionDate "2022.10.05"]
[SourceQuality "1"]

1. e4 c5 2. c3 d6 3. d4 cxd4 4. cxd4 g6 5. Nc3 Bg7 6. Be3 Qa5 7. f3 Nc6 8. a3 Qd8 9. Qd2 Na5 10. Rd1 b6 11. b4 Nb7 12. Bb5+ Kf8 13. Nge2 h5 14. 0-0 e6 15. d5 e5 16. f4 Bg4 17. Ba6 Qe7 18. Nb5 Nd8 19. Rc1 Bxe2 20. Qxe2 Nh6 21. Rc7 Qh4 22. Nxd6 Ng4 23. g3 Qh3 24. fxe5 Nxe5 25. Bg5 Ng4 26. Bxd8 Bd4+ 27. Kh1 Rxd8 28. Nxf7 1-0

[Event "Pennant-chT"]
[Site "Adelaide"]
[Date "2010.09.14"]
[Round "1.1"]
[White "Sykes, Alexander K"]
[Black "Cloudsdale, Colin"]
[Result "0-1"]
[WhiteElo "1899"]
[BlackElo "1852"]
[PlyCount "93"]
[EventDate "2010.09.14"]
[EventType "team-tourn"]
[EventRounds "7"]
[EventCountry "AUS"]
[SourceTitle "EXT 2023"]
[Source "ChessBase"]
[SourceDate "2022.10.05"]
[SourceVersion "1"]
[SourceVersionDate "2022.10.05"]
[SourceQuality "1"]

1. e4 c5 2. Nc3 Nc6 3. f4 g6 4. Nf3 Bg7 5. Bc4 e6 6. 0-0 Nge7 7. e5 h5 8. Ne4 Nf5 9. d3 0-0 10. Nfg5 d5 11. exd6 Nxd6 12. Nxd6 Qxd6 13. g4 h4 14. c3 b5 15. Bxb5 Bb7 16. Qe1 Bh6 17. Ne4 Qe7 18. g5 Bg7 19. Be3 Nd4 20. cxd4 cxd4 21. Bd2 Rfc8 22. Bb4 Qd8 23. Qxh4 Bxe4 24. dxe4 Qb6 25. a4 a6 26. Rf3 d3+ 27. Kh1 Qd4 28. Bc3 Qxe4 29. Raf1 Rxc3 30. bxc3 axb5 31. Qe1 Qd5 32. Qd2 bxa4 33. Qxd3 Qc6 34. Ra1 Bf8 35. Kg2 a3 36. Ra2 Ra5 37. Kg3 Rd5 38. Qe4 Qc7 39. Kg4 Rd1 40. Rg3 Qc5 41. Qa8 Rd5 42. c4 Rd4 43. Raxa3 Qf5+ 44. Kf3 Qxf4+ 45. Kg2 Rd2+ 46. Kh3 Qf1+ 47. Kh4 0-1

[Event "Adelaide op"]
[Site "Adelaide"]
[Date "2010.08.03"]
[Round "4"]
[White "Cloudsdale, Colin"]
[Black "Kerr, Bill"]
[Result "0-1"]
[WhiteElo "2039"]
[BlackElo "1906"]
[PlyCount "76"]
[EventDate "2010.07.13"]
[EventType "swiss"]
[EventRounds "9"]
[EventCountry "AUS"]
[SourceTitle "EXT 2023"]
[Source "ChessBase"]
[SourceDate "2022.10.05"]
[SourceVersion "1"]
[SourceVersionDate "2022.10.05"]
[SourceQuality "1"]

1. e4 Nc6 2. f4 e5 3. Nf3 exf4 4. Bc4 g5 5. h4 g4 6. Bxf7+ Kxf7 7. Ng5+ Ke8 8. Qxg4 Nf6 9. Qxf4 Bd6 10. Qe3 h6 11. Nh3 Ng4 12. Qe2 Bg3+ 13. Kd1 d6 14. c3 Qe7 15. d3 Nge5 16. Nd2 Bg4 17. Nf3 Rf8 18. Nhg1 Qg7 19. Be3 Kd7 20. Kc2 Rae8 21. Rf1 Kc8 22. Qd2 Rf6 23. d4 Nc4 24. Qd3 Nxe3+ 25. Qxe3 Qg6 26. Nd2 Rxf1 27. Nxf1 Rxe4 28. Qd3 Re2+ 29. Nxe2 Bf5 30. Nfxg3 Bxd3+ 31. Kd2 Bxe2 32. Nxe2 Qxg2 33. Rg1 Qf2 34. Rg8+ Nd8 35. h5 Kd7 36. Rg6 Nf7 37. b3 c5 38. d5 Qf5 0-1

[Event "Adelaide Lidums op"]
[Site "Adelaide"]
[Date "2010.07.03"]
[Round "2"]
[White "Cloudsdale, Colin"]
[Black "Staak, Eric"]
[Result "1/2-1/2"]
[WhiteElo "1898"]
[BlackElo "1545"]
[PlyCount "74"]
[EventDate "2010.07.03"]
[EventType "swiss"]
[EventRounds "7"]
[EventCountry "AUS"]
[SourceTitle "EXT 2018"]
[Source "ChessBase"]
[SourceDate "2017.10.13"]
[SourceVersion "1"]
[SourceVersionDate "2017.10.13"]
[SourceQuality "1"]

1. e4 e6 2. d4 d5 3. Nd2 dxe4 4. Nxe4 Bd7 5. Nf3 Bc6 6. Bd3 Nd7 7. Qe2 Ngf6 8. Bg5 Be7 9. 0-0-0 Nxe4 10. Bxe7 Qxe7 11. Bxe4 Bxe4 12. Qxe4 0-0-0 13. d5 Nf6 14. Qe3 Nxd5 15. Qxa7 Nb6 16. a4 Qb4 17. a5 Nd5 18. Rd4 Qd6 19. c4 c5 20. Rd2 Qf4 21. Qxc5+ Nc7 22. Rhd1 f6 23. Kc2 Qe4+ 24. Kc3 Rxd2 25. Rxd2 e5 26. Rd6 Kb8 27. Rd7 Rc8 28. Qd6 Qb1 29. Rd8 e4 30. Nd2 Qc1+ 31. Kb3 Qd1+ 32. Kb4 Qe1 33. a6 Rxd8 34. Qxd8+ Ka7 35. Kc3 Qc1+ 36. Kb3 Qd1+ 37. Ka3 Nxa6 1/2-1/2

[Event "Adelaide Lidums op"]
[Site "Adelaide"]
[Date "2010.07.03"]
[Round "1"]
[White "Johansen, Darryl Keith"]
[Black "Cloudsdale, Colin"]
[Result "1-0"]
[WhiteElo "2360"]
[BlackElo "1898"]
[PlyCount "87"]
[EventDate "2010.07.03"]
[EventType "swiss"]
[EventRounds "7"]
[EventCountry "AUS"]
[SourceTitle "EXT 2018"]
[Source "ChessBase"]
[SourceDate "2017.10.13"]
[SourceVersion "1"]
[SourceVersionDate "2017.10.13"]
[SourceQuality "1"]

1. d4 Nf6 2. Nf3 b6 3. g3 Bb7 4. c4 e6 5. Bg2 Bb4+ 6. Bd2 Qe7 7. 0-0 0-0 8. Bf4 Bd6 9. Bxd6 Qxd6 10. Nc3 Qe7 11. Rc1 d6 12. d5 e5 13. e4 g6 14. b4 Nh5 15. c5 Na6 16. c6 Bc8 17. a3 Qe8 18. Re1 f5 19. exf5 gxf5 20. Nd4 Nf6 21. f4 e4 22. Nc2 Qg6 23. Ne3 h5 24. Rc2 Rf7 25. Kh1 Rg7 26. Bf1 Qh7 27. Rg2 Kf8 28. Bc4 Nb8 29. Qd4 Qh6 30. Rf1 Na6 31. Rff2 Nb8 32. Be2 Ng4 33. Nxg4 hxg4 34. Rg1 Kf7 35. h3 Rh7 36. Rh2 Na6 37. Kg2 Nc5 38. bxc5 bxc5 39. Qe3 Rb8 40. Rgh1 Qg6 41. hxg4 Rxh2+ 42. Rxh2 Rb3 43. Rh7+ Kf6 44. Rh6 1-0

[Event "Adelaide Queen's Birthday op"]
[Site "Adelaide"]
[Date "2010.06.12"]
[Round "3"]
[White "Cloudsdale, Colin"]
[Black "Jelic, Mato"]
[Result "0-1"]
[WhiteElo "1898"]
[BlackElo "1814"]
[PlyCount "28"]
[EventDate "2010.06.12"]
[EventType "swiss"]
[EventRounds "6"]
[EventCountry "AUS"]
[SourceTitle "EXT 2023"]
[Source "ChessBase"]
[SourceDate "2022.10.05"]
[SourceVersion "1"]
[SourceVersionDate "2022.10.05"]
[SourceQuality "1"]

1. e4 c5 2. Nf3 Nc6 3. d4 cxd4 4. Nxd4 g6 5. Nc3 Bg7 6. Be3 Nf6 7. Bc4 0-0 8. f3 Qb6 9. Nce2 Qb4+ 10. Qd2 Qxc4 11. b3 Qa6 12. g4 Ne5 13. h4 d5 14. Nf5 Nxf3+ 0-1

[Event "Adelaide Queen's Birthday op"]
[Site "Adelaide"]
[Date "2010.06.12"]
[Round "2"]
[White "Sheldrick, Kevin"]
[Black "Cloudsdale, Colin"]
[Result "1-0"]
[WhiteElo "2095"]
[BlackElo "1898"]
[PlyCount "74"]
[EventDate "2010.06.12"]
[EventType "swiss"]
[EventRounds "6"]
[EventCountry "AUS"]
[SourceTitle "EXT 2023"]
[Source "ChessBase"]
[SourceDate "2022.10.05"]
[SourceVersion "1"]
[SourceVersionDate "2022.10.05"]
[SourceQuality "1"]

1. e4 c5 2. Nf3 Nc6 3. Bd3 g6 4. c3 d5 5. e5 Bg7 6. Bb5 Bg4 7. d4 e6 8. Be3 Nge7 9. Nbd2 0-0 10. 0-0 a6 11. Bxc6 Nxc6 12. h3 Bxf3 13. Nxf3 c4 14. Qd2 b5 15. Bh6 a5 16. h4 b4 17. h5 Ra7 18. Bg5 Qc7 19. Nh2 gxh5 20. Qe2 Nxe5 21. dxe5 Qxe5 22. Be3 Rb7 23. Nf3 Qe4 24. Ng5 Qd3 25. Qxd3 cxd3 26. cxb4 Rxb4 27. Bc5 Rxb2 28. Bxf8 Kxf8 29. Rab1 Rxa2 30. Rfd1 d2 31. Nf3 Bc3 32. Kf1 a4 33. Ke2 a3 34. Kd3 d4 35. Nxd4 Bb2 36. Rxd2 Ke7 37. Nb5 f5 1-0

[Event "Adelaide Interclub-A"]
[Site "Adelaide"]
[Date "2010.06.08"]
[Round "6.1"]
[White "Juszczynski, Mathew"]
[Black "Cloudsdale, Colin"]
[Result "1-0"]
[WhiteElo "1881"]
[BlackElo "1900"]
[PlyCount "77"]
[EventDate "2010.05.04"]
[EventType "team-tourn"]
[EventRounds "9"]
[EventCountry "AUS"]
[SourceTitle "EXT 2023"]
[Source "ChessBase"]
[SourceDate "2022.10.05"]
[SourceVersion "1"]
[SourceVersionDate "2022.10.05"]
[SourceQuality "1"]

1. e4 c5 2. Nc3 Nc6 3. f4 g6 4. Nf3 Bg7 5. Bc4 d6 6. 0-0 e6 7. f5 Bd7 8. d3 Qe7 9. fxe6 fxe6 10. Bg5 Bf6 11. Bxf6 Nxf6 12. e5 Ng4 13. exd6 Qxd6 14. Ne4 Qf4 15. h3 Ne3 16. Qd2 Rf8 17. g3 Nxf1 18. Qxf4 Rxf4 19. gxf4 Ne3 20. Nf6+ Ke7 21. Nxd7 Kxd7 22. Bxe6+ Kxe6 23. Re1 Rf8 24. Rxe3+ Kd6 25. Re4 Nb4 26. d4 b6 27. dxc5+ bxc5 28. Kf2 Nxc2 29. a3 Rb8 30. Re2 Nd4 31. Rd2 Kd5 32. Ne5 Rb3 33. Nd3 a5 34. h4 c4 35. Ne5 Rh3 36. Kg2 Rxh4 37. Kg3 Rxf4 38. Kxf4 g5+ 39. Ke3 1-0

[Event "South Australia-ch"]
[Site "Adelaide"]
[Date "2010.03.23"]
[Round "8"]
[White "Cloudsdale, Colin"]
[Black "Zulfic, Fedja"]
[Result "1/2-1/2"]
[WhiteElo "2075"]
[BlackElo "2020"]
[PlyCount "80"]
[EventDate "2010.02.02"]
[EventType "tourn"]
[EventRounds "9"]
[EventCountry "AUS"]
[SourceTitle "EXT 2023"]
[Source "ChessBase"]
[SourceDate "2022.10.05"]
[SourceVersion "1"]
[SourceVersionDate "2022.10.05"]
[SourceQuality "1"]

1. e4 c5 2. Nf3 Nc6 3. d4 cxd4 4. Nxd4 g6 5. Be3 d6 6. Nc3 Bg7 7. Qd2 Nf6 8. f3 0-0 9. 0-0-0 Bd7 10. g4 Rc8 11. h4 h5 12. gxh5 Nxh5 13. Rg1 a6 14. Rg5 e6 15. Bh3 Nxd4 16. Bxd4 e5 17. Bxd7 exd4 18. Nd5 Qxd7 19. Rxh5 gxh5 20. Rg1 f6 21. Qh6 Rc5 22. Qxh5 Rxd5 23. Qxd5+ Qf7 24. Qf5 Re8 25. f4 Qe6 26. Qg6 Qf7 27. Qf5 Qxa2 28. Qg4 Qa1+ 29. Kd2 Qa5+ 30. Kd1 Qc7 31. h5 Rc8 32. Rg2 d3 33. h6 dxc2+ 34. Kc1 Re8 35. hxg7 Qa5 36. Re2 Qa1+ 37. Kxc2 Qa4+ 38. Kb1 Qd1+ 39. Ka2 Qa4+ 40. Kb1 Qd1+ 1/2-1/2

[Event "Pennant-chT"]
[Site "Adelaide"]
[Date "2009.10.06"]
[Round "4.1"]
[White "Zulfic, Fedja"]
[Black "Cloudsdale, Colin"]
[Result "1-0"]
[WhiteElo "1901"]
[BlackElo "1958"]
[PlyCount "71"]
[EventDate "2009.09.15"]
[EventType "team-tourn"]
[EventRounds "7"]
[EventCountry "AUS"]
[SourceTitle "EXT 2023"]
[Source "ChessBase"]
[SourceDate "2022.10.05"]
[SourceVersion "1"]
[SourceVersionDate "2022.10.05"]
[SourceQuality "1"]

1. d4 Nf6 2. c4 e6 3. Nf3 b6 4. g3 Bb7 5. Bg2 d6 6. 0-0 Nbd7 7. Nc3 Ne4 8. Qc2 Nxc3 9. Qxc3 f5 10. d5 Qf6 11. dxe6 Nc5 12. Qxf6 gxf6 13. Nd4 Bxg2 14. Kxg2 Ke7 15. b4 Nxe6 16. Nxf5+ Kf7 17. Bb2 a5 18. a3 Nd8 19. Ne3 Bg7 20. Nd5 Ne6 21. e4 Ra7 22. f4 Rha8 23. b5 Rb7 24. e5 f5 25. g4 dxe5 26. fxe5 f4 27. Nxf4 Re8 28. Nd5+ Kg6 29. h4 h5 30. gxh5+ Kxh5 31. Rf5+ Kg6 32. Raf1 Rh8 33. h5+ Kh6 34. Bc1+ Kh7 35. Rf7 Rf8 36. h6 1-0